000 00904nam a22002657a 4500
001 510
003 UA-OsUOA
005 20230131093138.0
007 ta
008 20050603b un ||||| |||| 00| 0 ukr d
020 _a9665780735
040 _aUA-OsUOA
_bukr
_cUA-OsUOA
_dUA-OsUOA
041 _aukr
080 _a94(477)"1989/2001"
090 _a94(477)"1989/2001"
_bТ44
245 _aТисяча років української суспільно-політичної думки
_bу 9-ти т.
_cпередм., упоряд., прим. Ю. Шаповал
260 _aК.
_bДніпро
_c2001
300 _a660 с.
505 _gТ. 9
_t1989–2001 роки
650 7 _a9 Географія. Біографії. Історія
_2UDC
700 1 _aШаповал Ю.
_eупоряд.
942 _cBK
_2udc
955 _a1
999 _c286668
_d286668